| 000 | 01797nas a2200313 a 4500 | ||
|---|---|---|---|
| 005 | 20250925101039.0 | ||
| 007 | ta | ||
| 008 | 241029e2023 dr |u|p|r||||||0| ||spa d | ||
| 022 | _a2737- 6834 | ||
| 040 |
_cAGN _dAGN _aDO-SdBNP _erda |
||
| 041 | _aspa | ||
| 110 |
_aInstituto Nacional de Migración de la República Dominicana _987228 |
||
| 245 |
_aEstudios migratorios : _brevista para el fomento y difusión del conocimiento científico en materia de movilidad humana / _cInstituto Nacional de Migración de la República Dominicana. |
||
| 264 |
_aSanto Domingo, República Dominicana : _bInstituto Nacional de Migración de la República Dominicana, _c2023. |
||
| 300 |
_avolumen : _bilustraciones, fotografías, pinturas ; _c27.5 cm. |
||
| 336 |
_atexto _btxt _2rdacontent |
||
| 337 |
_asin mediación _bn _2rdamedia |
||
| 338 |
_avolumen _bnc _2rdacarrier |
||
| 362 | _aNúmero 5. Año 2023. | ||
| 500 | _aRevista del Instituto Nacional de Migración de la República Dominicana (INM RD) para el fomento y difusión del conocimiento científico en materia de movilidad humana. De distribución gratuita. Edición digital disponible en www.inm.gob.do www.issuu.com/inmrd. | ||
| 650 | 0 |
_aPolítica de migración _vPublicaciones periódicas _zRepública Dominicana _955031 |
|
| 650 | 0 |
_aCiencias sociales _vPublicaciones periódicas _zRepública Dominicana _91065 |
|
| 650 | 0 |
_a _vPublicaciones periódicas _zRepública Dominicana _98591 |
|
| 650 | 0 |
_aPoblación extranjera _vPublicaciones periódicas _zRepública Dominicana _987419 |
|
| 651 | 0 |
_aRepública Dominicana _vPublicaciones periódicas _978065 |
|
| 655 | 0 |
_aPublicaciones periódicas _987420 |
|
| 856 |
_aRevista Estudios Migratorios _uhttps://issuu.com/inmrd/docs/web_rev_estudios_migratorios_5_inm_rd_issuu |
||
| 942 |
_2ddc _cISSUE |
||
| 999 |
_c58710 _d58710 |
||